000
00330nam a22001457a 4500
008
230116b ||||| |||| 00| 0 eng d
020
_a
9780271009278
041
_a
eng
080
_a
94
082
_a
94MAR
100
_a
30.1
101
_a
HISTO
245
_a
RECONSIDERING THE DEMOCRATIC PUBLIC
_c
MARCUS E G
942
_2
udc
_c
BK
999
_c
59233
_d
59233